| 000 | 00651nam a2200181Ia 4500 | ||
|---|---|---|---|
| 008 | 140529s9999 xx 000 0 und d | ||
| 050 |
_aRT 82 _b.L926 2007 |
||
| 100 | _aLuansing, Glenn R. | ||
| 245 |
_aPower review : _ba nursing review guide on professional adjustment, leadership, management, ethics and research / _cGlenn R. Luansing |
||
| 250 | _a1st ed. | ||
| 260 |
_a[Manila, Philippines] : _bG.R. Luansing Publication, _cc2007. |
||
| 300 |
_a160 p. : _bill. (some col.) ; _c22 cm. |
||
| 500 | _aIncludes index and bibliographical references. | ||
| 521 | _aNUR | ||
| 650 | _aContinuing education. | ||
| 942 |
_kLOC _cBK |
||
| 999 |
_c117787 _d117787 |
||